The sacred willow : (Record no. 28223)

MARC details
000 -LEADER
campo de control de longitud fija 01465pam a2200397 a 4500
001 - NÚMERO DE CONTROL
campo de control 61303
005 - FECHA Y HORA DE LA ÚLTIMA TRANSACCIÓN
campo de control 20230410103916.0
008 - DATOS DE LONGITUD FIJA--INFORMACIÓN GENERAL
campo de control de longitud fija 980723s1999 nyubj b 001 0 eng
035 ## - NÚMERO DE CONTROL DEL SISTEMA
Número de control de sistema 1669656
035 ## - NÚMERO DE CONTROL DEL SISTEMA
-- (DLC) 98014204
010 ## - NÚMERO DE CONTROL DE LA BIBLIOTECA DEL CONGRESO
Número de control de LC 98014204
020 ## - NÚMERO INTERNACIONAL ESTÁNDAR DEL LIBRO
Número Internacional Estándar del Libro 0195124340 (cloth : alk. paper)
040 ## - FUENTE DE CATALOGACIÓN
Centro catalogador/agencia de origen DLC
Centro/agencia transcriptor DLC
Centro/agencia modificador DLC
043 ## - CÓDIGO DE ÁREA GEOGRÁFICA
Código de área geográfica a-vt---
050 14 - SIGNATURA TOPOGRÁFICA DE LA BIBLIOTECA DEL CONGRESO
Número de clasificación 438 DS 556.8
Número de ítem E46s 1999
082 00 - NÚMERO DE LA CLASIFICACIÓN DECIMAL DEWEY
Número de clasificación 959.704
100 1# - ENTRADA PRINCIPAL--NOMBRE DE PERSONA
Nombre de persona Elliott, Duong Van Mai,
Fechas asociadas al nombre 1941-
245 14 - MENCIÓN DEL TÍTULO
Título The sacred willow :
Resto del título four generations in the life of a Vietnamese family /
Mención de responsabilidad, etc. Duong Van Mai Elliott.
260 ## - PUBLICACIÓN, DISTRIBUCIÓN, ETC.
Lugar de publicación, distribución, etc. New York :
Nombre del editor, distribuidor, etc. Oxford University Press,
Fecha de publicación, distribución, etc. c1999.
300 ## - DESCRIPCIÓN FÍSICA
Extensión xvi, 506 p. :
Otras características físicas geneal. table, maps ;
Dimensiones 24 cm.
504 ## - NOTA DE BIBLIOGRAFÍA, ETC.
Nota de bibliografía, etc. Includes bibliographical references (p. 475-480) and index.
651 #4 - PUNTO DE ACCESO ADICIONAL DE MATERIA--NOMBRE GEOGRÁFICO
Nombre geográfico Vietnam
Subdivisión general Historia
Subdivisión cronológica Siglo 19.
651 #4 - PUNTO DE ACCESO ADICIONAL DE MATERIA--NOMBRE GEOGRÁFICO
Nombre geográfico Vietnam
Subdivisión general Historia
Subdivisión cronológica Siglo 20.
651 #0 - PUNTO DE ACCESO ADICIONAL DE MATERIA--NOMBRE GEOGRÁFICO
Nombre geográfico Vietnam
Subdivisión general History
Subdivisión cronológica 19th century.
651 #0 - PUNTO DE ACCESO ADICIONAL DE MATERIA--NOMBRE GEOGRÁFICO
Nombre geográfico Vietnam
Subdivisión general History
Subdivisión cronológica 20th century.
600 10 - PUNTO DE ACCESO ADICIONAL DE MATERIA--NOMBRE DE PERSONA
Nombre de persona Elliott, Duong Van Mai,
Fechas asociadas al nombre 1941-
Subdivisión general Family.
600 30 - PUNTO DE ACCESO ADICIONAL DE MATERIA--NOMBRE DE PERSONA
Nombre de persona Duong family.
651 #0 - PUNTO DE ACCESO ADICIONAL DE MATERIA--NOMBRE GEOGRÁFICO
Nombre geográfico Van Dinh (Vietnam)
Subdivisión general Genealogy.
651 #0 - PUNTO DE ACCESO ADICIONAL DE MATERIA--NOMBRE GEOGRÁFICO
Nombre geográfico Vietnam
Subdivisión general Genealogy.
856 42 - LOCALIZACIÓN Y ACCESO ELECTRÓNICOS
Materiales especificados Publisher description
Identificador Uniforme de Recursos <a href="http://www.loc.gov/catdir/enhancements/fy0603/98014204-d.html">http://www.loc.gov/catdir/enhancements/fy0603/98014204-d.html</a>
856 42 - LOCALIZACIÓN Y ACCESO ELECTRÓNICOS
Materiales especificados Contributor biographical information
Identificador Uniforme de Recursos <a href="http://www.loc.gov/catdir/enhancements/fy0724/98014204-b.html">http://www.loc.gov/catdir/enhancements/fy0724/98014204-b.html</a>
925 0# -
-- acquire
-- 2 shelf copies
-- policy default
942 ## - ELEMENTOS DE ENTRADA SECUNDARIOS (KOHA)
Fuente del sistema de clasificación o colocación Clasificación de Library of Congress
Tipo de ítem Koha
946 ## - PROCESAMIENTO DE INFORMACIÓN LOCAL (OCLC)
a Lspaulino
Holdings
Estatus retirado Estado de pérdida Fuente del sistema de clasificación o colocación Estado de daño No para préstamo Colección Biblioteca de origen Biblioteca actual Ubicación en estantería Fecha de adquisición Serial enumeration / chronology Signatura topográfica completa Código de barras Visto por última vez Copia número Tipo de ítem Koha
    Clasificación de Library of Congress     Recursos Regionales Biblioteca Juan Bosch Biblioteca Juan Bosch Recursos Regionales (2do. Piso) 10/04/2023 1 438 DS 556.8 E46s 1999 00000062017 23/10/2018 1